000 01269nam a2200337Ia 4500
001 ebr10510547
003 CaPaEBR
006 m u
007 cr cn|||||||||
008 100826s2011 enka sb 001 0 eng d
010 _z 2010036365
020 _z1444330667
020 _z9781444330663
020 _z9781444391831
040 _aCaPaEBR
_cCaPaEBR
035 _a(OCoLC)759237747
050 1 4 _aRG483.P44
_bC46 2011eb
245 0 0 _aChronic pelvic pain
_h[electronic resource] /
_cedited by Paolo Vercellini.
260 _aChichester, West Sussex ;
_aHoboken, NJ :
_bWiley-Blackwell,
_c2011.
300 _ax, 183 p. :
_bill.
490 1 _aGynecology in practice
504 _aIncludes bibliographical references and index.
533 _aElectronic reproduction.
_bPalo Alto, Calif. :
_cebrary,
_d2013.
_nAvailable via World Wide Web.
_nAccess may be limited to ebrary affiliated libraries.
650 0 _aPelvic pain.
650 0 _aGenerative organs, Female
_xDiseases.
655 7 _aElectronic books.
_2local
700 1 _aVercellini, Paolo.
710 2 _aebrary, Inc.
830 0 _aGynecology in practice.
856 4 0 _uhttp://site.ebrary.com/lib/rucke/Doc?id=10510547
_zAn electronic book accessible through the World Wide Web; click to view
999 _c119764
_d119764